Nueva gramática de la lengua española fonética y fonología (Record no. 110356)

MARC details
000 -LÍDER
campo de controle de tamanho fixo 00742 a2200217 4500
001 - NÚMERO DE CONTROLE
campo de controle 110356
020 ## - ISBN - INTERNATIONAL STANDARD BOOK NUMBER
ISBN - International Standard Book Number 9788467033212 (set)
041 ## - CÓDIGO DE IDIOMA
Código do idioma do texto/trilha sonora ou título diferente por
090 ## - NÚMERO DE CHAMADA LOCAL
Número de chamada (OCLC) (R); Número de chamada, CALL (RLIN) (NR) ESPANHOL 461
040 ## - FONTE DA CATALOGAÇÃO
Instituição da catalogação original BR-BrIDEA
Instituição que transcreveu o registro BR-BrIDEA
100 ## - ENTRADA PRINCIPAL--NOME PESSOAL
Nome pessoal Real Academia Española, Asociación de Academias de la Lengua Española.
250 ## - EDIÇÃO
Edição . ed.
245 10 - TÍTULO
Título Nueva gramática de la lengua española fonética y fonología
Indicação de responsabilidade, etc. Asociación de Academias de la Lengua Española Real Academia Española
260 ## - PUBLICAÇÃO, DISTRIBUIÇÃO, ETC.
Local de publicação, distribuição, etc. [S.l.]
Nome do editor, distribuidor, etc. Espasa Libros, S.L.U.
Data da publicação, distribuição, etc. 2011
300 ## - DESCRIÇÃO FÍSICA
Extensão xxiii, 532 p.
697 ## - ENTRADA DE ASSUNTO LOCAL--ENTIDADE COLETIVA (RLIN)
Nome corporativo ou nome da jurisdição Spanish language - Phonetics.
697 ## - ENTRADA DE ASSUNTO LOCAL--ENTIDADE COLETIVA (RLIN)
Nome corporativo ou nome da jurisdição Spanish language - Pronunciation.
697 ## - ENTRADA DE ASSUNTO LOCAL--ENTIDADE COLETIVA (RLIN)
Nome corporativo ou nome da jurisdição Spanish language - Phonology.
856 ## - LOCALIZAÇÃO ELETRÔNICA E ACESSO
Uniform Resource Identifier <a href="000019/00001977.jpg">000019/00001977.jpg</a>
942 ## - ELEMENTOS DE ENTRADA ADICIONADOS (KOHA)
Tipo de material Koha Livros
Holdings
Situação do descarte Situação das perdas Fonte da classificação ou esquema de arquivamento na estante Situação física Não pode ser emprestado Biblioteca de origem Biblioteca atual Data de aquisição Total de empréstimos Número de chamada completo Código de barras Data de último acesso Data do preço efetivo Tipo de material Koha
    Classificação Decimal de Dewey     ECB - SUDOESTE ECB - SUDOESTE 01/07/2019   ESPANHOL 461 00044349SSW 23/01/2024 23/01/2024 Textbook
    Classificação Decimal de Dewey     ECB - SUDOESTE ECB - SUDOESTE 01/07/2019   ESPANHOL 461 00044348SSW 23/01/2024 23/01/2024 Textbook
    Classificação Decimal de Dewey     ECB - SUDOESTE ECB - SUDOESTE 01/07/2019   ESPANHOL 461 00044351SSW 23/01/2024 23/01/2024 Textbook
    Classificação Decimal de Dewey     ECB - SUDOESTE ECB - SUDOESTE 01/07/2019   ESPANHOL 461 00044350SSW 22/03/2024 23/01/2024 Textbook